| 000 | 00000nam##2200000za#4500 |
| 001 | 9.648605 |
| 003 | CaOODSP |
| 005 | 20210615113206 |
| 007 | ta |
| 008 | 150407|2002||||xxc||||| f|0| 0 eng|d |
| 020 | |a0-662-32584-2 |
| 040 | |aCaOODSP|beng |
| 043 | |an-cn--- |
| 086 | 1 |aMP43-195/2002E |
| 110 | 1 |aCanada. |bHuman Resources Development Canada. |
| 245 | 10|aLooking for a job? |
| 260 | |aOttawa - Ontario : |bHuman Resources Development Canada |c2002. |
| 300 | |a54p. : |billus., index ; |c28 cm. |
| 520 | 3 |aWhether you are a first-time job seeker, a student looking for employment, or someone looking to change jobs, Looking for a Job? can help you with your job search or planning your career path. |
| 563 | |aSoftcover |
| 590 | |a03-44|b2003-10-31 |
| 690 | 07|aEmployment|2gcpds |
| 690 | 07|aInnovation|2gcpds |
| 690 | 07|aLearning|2gcpds |
| 775 | 08|tTu cherches un emploi? |w(CaOODSP)9.681884 |
| 776 | 0#|tLooking for a job? |w(CaOODSP)9.649014 |
| 776 | 0#|tLooking for a job? |w(CaOODSP)9.649015 |
| 776 | 0#|tLooking for a job? |w(CaOODSP)9.649076 |
| 776 | 0#|tLooking for a job? |w(CaOODSP)9.649079 |
| 776 | 0#|tLooking for a job - knowledge matters : |w(CaOODSP)9.686740 |